000 00405nam a2200157Ia 4500
008 100122s9999 xx 000 0 und d
082 _b22003
_a823
100 _aमोकाशी दि बा
245 _aपालखी
250 _a0
260 _bमौज प्रकाशन गृह
_c1964
300 _a160
630 _aपालखी
730 _aपालखी
942 _cBOOK
999 _c409957
_d409954